Signals and systems / (رقم التسجيلة. 77101)
[ عرض عادي ]
| 000 -الفاتح | |
|---|---|
| حقل البيانات ثابتة الطول | 00865pam a2200289 a 4500 |
| 001 - رقم الضبط | |
| رقم الضبط | 4680136 |
| 003 - محدد رقم الضبط | |
| رقم الضبط | OSt |
| 005 - وقت وتاريخ اخر تعامل مع التسجيلة | |
| رقم الضبط | 20190731005320.0 |
| 008 - عناصر البيانات ثابتة الطول - معلومات عامة | |
| حقل البيانات ثابتة الطول | 811214s2004 njua b 001 0 eng |
| 020 ## - الرقم الدولى المعيارى للكتب | |
| الرقم الدولى المعيارى للكتاب | 9788126512652 |
| 040 ## - مصدر الفهرسة | |
| وكالة الفهرسة الأصلية | DLC |
| وكالة النسخ | DLC |
| وكالة التعديل | DLC |
| 050 00 - رقم طلب مكتبة الكونجرس | |
| رقم التصنيف | QA402 |
| رقم المادة | .O63 1983 |
| 082 00 - رقم تصنيف ديوى العشرى | |
| رقم التصنيف | 003 |
| رقم الطبعة | 22 |
| رقم المادة | HSS |
| 100 ## - المدخل الرئيسى - إسم شخصى | |
| الإسم الشخصى | Haykin, Simon |
| 9 (RLIN) | 73943 |
| 245 10 - بيان العنوان | |
| العنوان | Signals and systems / |
| بيان المسئوليه,etc | Simon Haykin, Barry Van Veen |
| 250 ## - بيان الطبعة | |
| بيان الطبعة | 2nd ed |
| 260 ## - PUBLICATION, DISTRIBUTION, ETC. (IMPRINT) | |
| مكان الناشر او الموزع | New Delhi : |
| اسم الناشر او الموزع | Wiley, |
| تاريخ النشر أو التوزيع | 2004 |
| 300 ## - الوصف المادى | |
| التعداد | xix, 802 p. : |
| تفاصيل ماديه اخرى للوعاء | ill. ; |
| أبعاد الوعاء | 24 cm. |
| 440 #0 - بيان السلسلة/مدخل إضافى-العنوان | |
| العنوان | Prentice-Hall signal processing series |
| 9 (RLIN) | 39500 |
| 500 ## - تبصرة عامة | |
| تبصرة عامة | Includes index. |
| 504 ## - تبصرة ببليوجرافية | |
| تبصرة ببليوجرافية,الخ | Bibliography: p. 777-782. |
| 650 #0 - المدخل الاضافى بالموضوع-مصطلح موضوعى | |
| مصطلح موضوعي أو اسم جغرافي كعنصر مدخل | System analysis. |
| 9 (RLIN) | 4033 |
| 650 #0 - المدخل الاضافى بالموضوع-مصطلح موضوعى | |
| مصطلح موضوعي أو اسم جغرافي كعنصر مدخل | Signal theory (Telecommunication) |
| 9 (RLIN) | 39501 |
| 700 ## - المدخل الاضافى - اسم شخصى | |
| الإسم الشخصى | Veen, Barry Van |
| 9 (RLIN) | 73944 |
| 906 ## - عنصر بيانات محلى F, LDF (RLIN) | |
| a | 7 |
| b | cbc |
| c | orignew |
| d | 1 |
| e | ocip |
| f | 19 |
| g | y-gencatlg |
| 942 ## - عناصر المدخل الإضافي( كوها) | |
| مصدر التصنيف او مخطط الترفيف | Dewey Decimal Classification |
| Koha [default] item type | كتاب |
| حالة الفقد | نموذج السعر الفعال | حالة تلف | ليس للاعارة | رقم الطلب | تاريخ الاكتساب | الموقع الحالي | الباركود | الفرع الرئيسي | Date last seen | نوع المادة فى نظام كوها | مصدر التصنيف او خطة الترفيف | Total Checkouts |
|---|---|---|---|---|---|---|---|---|---|---|---|---|
| 2019-07-31 | 003 HSS | 2019-07-31 | المكتبة المركزية بالمجمعة (CL) | 00156920 | المكتبة المركزية بالمجمعة (CL) | 2019-07-31 | كتاب | Dewey Decimal Classification | ||||
| 2019-07-31 | 003 HSS | 2019-07-31 | المكتبة المركزية بالمجمعة (CL) | 00156921 | المكتبة المركزية بالمجمعة (CL) | 2019-07-31 | كتاب | Dewey Decimal Classification | ||||
| 2019-07-31 | 003 HSS | 2019-07-31 | المكتبة المركزية بالمجمعة (CL) | 00156922 | المكتبة المركزية بالمجمعة (CL) | 2019-07-31 | كتاب | Dewey Decimal Classification | ||||
| 2019-07-31 | 003 HSS | 2019-07-31 | مكتبة مجمع الكليات بالزلفى - طلاب (SZM) | 00156923 | مكتبة مجمع الكليات بالزلفى - طلاب (SZM) | 2019-07-31 | كتاب | Dewey Decimal Classification | ||||
| 2019-07-31 | 003 HSS | 2019-07-31 | مكتبة مجمع الكليات بالزلفى - طلاب (SZM) | 00156924 | مكتبة مجمع الكليات بالزلفى - طلاب (SZM) | 2019-07-31 | كتاب | Dewey Decimal Classification |
